Les 108 clubs qualifiés en Coupe d'Europe ! (2024-2025) - Statistiques

Statistiques générales
  • Ce quiz a été pris 263 fois
  • Le résultat moyen est 56 sur 108
Statistiques - réponses
Pays Compétition Club % Correct
Allemagne C1 Bayern Munich
98%
Espagne C1 Real Madrid
96%
Espagne C1 FC Barcelone
95%
France C1 Paris-Saint-Germain
94%
Allemagne C1 Bayer Leverkusen
93%
Allemagne C1 Borussia Dortmund
93%
Angleterre C1 Manchester City
91%
Espagne C1 Atletico Madrid
90%
France C1 LOSC
90%
France C1 AS Monaco
89%
Angleterre C1 Liverpool
89%
Angleterre C1 Arsenal
88%
France C3 Olympique Lyonnais
88%
France C1 Stade Brestois
88%
Pays-Bas C3 Ajax Amsterdam
86%
Angleterre C1 Aston Villa
86%
Angleterre C3 Manchester United
86%
Portugal C1 Benfica
85%
Angleterre C4 Chelsea
85%
Portugal C3 FC Porto
83%
Portugal C1 Sporting CP
83%
Italie C1 Inter Milan
81%
Italie C1 AC Milan
80%
Allemagne C1 RB Leipzig
79%
Italie C1 Juventus
78%
Espagne C3 Atheltic Bilbao
77%
Ecosse C1 Celtic Glasgow
77%
Espagne C1 Girona
77%
France C3 OGC Nice
77%
Pays-Bas C1 Feyenoord Rotterdam
76%
Allemagne C1 Stuttgart
75%
Angleterre C3 Tottenham
74%
Pays-Bas C1 PSV Eindhoven
70%
Autriche C1 Red Bull Salzbourg
70%
Suisse C1 Young Boys Berne
69%
Serbie C1 Etoile Rouge de Belgrade
67%
Ecosse C3 Rangers
66%
Espagne C4 Real Betis
66%
Turquie C3 Galatasaray
65%
Grèce C3 Olympiakos
65%
Espagne C3 Real Sociedad
65%
Italie C3 Lazio
64%
Croatie C1 Dinamo Zagreb
63%
Autriche C4 Rapid Vienne
63%
Belgique C3 Anderlecht
62%
Danemark C4 FC Copenhague
62%
Pologne C4 Legia Varsovie
62%
Ukraine C3 Dynamo Kiev
61%
Italie C1 Atalanta Bergame
60%
Italie C3 AS Rome
59%
Italie C1 Bologne
59%
Allemagne C3 Eintracht Francfort
59%
Portugal C3 SC Braga
59%
Ukraine C1 Shaktar Donetsk
59%
Suède C3 Malmö
58%
Roumanie C3 FCSB
57%
Autriche C1 Sturm Graz
53%
Finlande C4 HJK
52%
Turquie C3 Beşiktaş
51%
Tchéquie C1 Sparta Prague
51%
Tchéquie C3 Slavia Prague
48%
Belgique C3 Union Saint-Gilloise
48%
Italie C4 Fiorentina
47%
Grèce C4 Panathinaïkos
47%
Belgique C1 Club Bruges
46%
Israël C3 Maccabi Tel Aviv
46%
Slovaquie C1 Slovan Bratislava
46%
Turquie C3 Fenerbahçe
45%
Chypre C4 APOEL Nicosie
42%
Kazakhstan C4 Astana
42%
Belgique C4 La Gantoise
42%
Biélorussie C4 Dynamo Minsk
40%
Azerbaïdjan C3 Qarabag
39%
Pays-Bas C3 AZ Alkmaar
37%
Grèce C3 PAOK Salonique
37%
Pays-Bas C3 FC Twente
33%
Chypre C4 Omonia Nicosie
33%
Lettonie C3 RFS
33%
Hongrie C3 Ferencvaros
31%
Belgique C4 Cercle Bruges
30%
Allemagne C3 Hoffenheim
29%
Norvège C3 Bodø/Glimt
27%
Tchéquie C3 Viktoria Plzen
27%
Bulgarie C3 Ludogorets
26%
Allemagne C4 Heidenheim
25%
Autriche C4 LASK
24%
Pays de Galles C4 The New Saints
23%
Portugal C4 Vitoria Guimaraes
23%
Islande C4 Vikingur Reykjavik
22%
Norvège C4 Molde
17%
Suisse C4 FC Lugano
15%
Ecosse C4 Hearts of Midlothian
15%
Turquie C4 Istanbul Başakşehir
15%
Slovénie C4 Olimpia Ljubljana
15%
Arménie C4 FC Noah
13%
Danemark C3 Midtjylland
13%
Irlande C4 Shamrock Rovers
11%
Suisse C4 FC Saint-Gall
7%
Chypre C4 Paphos FC
7%
Slovénie C4 NK Celje
6%
Serbie C4 Backa Topola
5%
Pologne C4 Jagiellonia Bialystok
5%
Irlande du Nord C4 Larne
5%
Bosnie-Herzégovine C4 Borac Banja Luka
3%
Suède C4 Djugardens
2%
Tchéquie C4 Mlada Boleslav
2%
Moldavie C4 Petrocub Hîncesti
2%
Suède C3 Elsborg
1%
Aucun quiz correspondant
Distribution des résultats
% des personnes avec chaque résultat
Percentile par nombre de réponses
Votre historique - résultats
Vous n’avez pas pris ce quiz